000 01561nam0a2200361 4500
001 RU\NLR\bibl\1421680
005 20260408152827.0
010 _a978-5-288-04766-4
_9400
021 _aRU
_b2009-61753
_93808
035 _a(NLR Aleph) 001413624
035 _a(nilc)RSL-KNO-004364879
090 _a1298188
_c1298188
100 _a20090717d2008 k y0rusy50 ca
101 0 _arus
102 _aRU
105 _aa zzzz|||||
200 1 _aКолонизация твердых тел бентосными организмами
_fА.И. Раилкин
_gС.-Петерб. гос. ун-т
210 _aСанкт-Петербург
_cИзд-во Санкт-Петербургского университета
_d2008
215 _a426 с.
_cил., табл.
_d22
300 _aНа 4-й с. обл. авт.: Раилкин А.И. - д.б.н., лауреат первой премии С.-Петерб. гос. ун-та за лучшую науч. работу 2005 г.
320 _aБиблиогр.: с. 310-372
320 _aУказатели: предм., таксоном., хим. соединений: с. 373-424
606 _aОбрастания (биол.)
_3RU\NLR\auth\6623567
_9929707
686 _aЕ082.155,0
_2rubbk
686 _aЕ082.155
700 1 _aРаилкин
_bА. И.
_gАлександр Иванович
_4070
801 0 _aRU
_bРКП
_c20090717
_grcr
801 1 _aRU
_bРГБ
_c20090717
801 2 _aRU
_bNLR
_c20091008
_grcr
830 _aавт. раскрыт по кн.
942 _cBOOK
980 _aNB